Bring it into sharper focus (Record no. 79269)

MARC details
000 -LEADER
fixed length control field 01008cab a22002175a 4500
001 - CONTROL NUMBER
control field L140435
008 - FIXED-LENGTH DATA ELEMENTS--GENERAL INFORMATION
fixed length control field 070924e20070915xxk f 000 0 eng d
035 ## - SYSTEM CONTROL NUMBER
System control number (Sirsi) u140435
041 0# - LANGUAGE CODE
Language code of text/sound track or separate title eng
100 1# - MAIN ENTRY--PERSONAL NAME
Personal name Stell, Patrick
245 00 - TITLE STATEMENT
Title Bring it into sharper focus
260 ## - PUBLICATION, DISTRIBUTION, ETC.
Date of publication, distribution, etc. 2007
490 #0 - SERIES STATEMENT
Series statement Estates Gazette
Volume/sequential designation (0737) 15 September 2007, 224-226(2)
520 ## - SUMMARY, ETC.
Summary, etc. Examines the draft version of the RICS "Guidance note on dilapidations" (5th ed.), highlighting the positive and negative feedback from surveyors. Looks at the role of the surveyor in a dilapidations claim, incentivised fees, appointment of sub-consultants, the role of the valuer, finalisation of binding agreements, surveyor's due diligence, protocol, landlord surveyor's assessment of its client's loss, and the role of lawyers.
590 ## - LOCAL NOTE (RLIN)
Local note KA
650 24 - SUBJECT ADDED ENTRY--TOPICAL TERM
Topical term or geographic name entry element RICS DILAPIDATIONS GUIDANCE NOTE
651 #4 - SUBJECT ADDED ENTRY--GEOGRAPHIC NAME
Geographic name England and Wales
Chronological subdivision 1543-
690 ## - LOCAL SUBJECT ADDED ENTRY--TOPICAL TERM (OCLC, RLIN)
Topical term or geographic name as entry element PROPERTY-LANDLORD AND TENANT-DILAPIDATIONS
700 1# - ADDED ENTRY--PERSONAL NAME
Personal name Firn, Keith
942 ## - ADDED ENTRY ELEMENTS (KOHA)
Suppress in OPAC 0
Holdings
Withdrawn status Lost status Source of classification or shelving scheme Damaged status Not for loan Home library Current library Shelving location Date acquired Total Checkouts Full call number Barcode Date last seen Copy number Price effective from Koha item type
    Dewey Decimal Classification     London London Journal article 24/09/2007   L140435 140435-1001 06/08/2019 1 06/08/2019 Journal article